Регионална библиотека "Любен Каравелов" - Русе

Български курорти (Запис номер 94867)

MARC детайли
000 -Лидер
Контролно поле с фиксирана дължина nam a22 a 4500
003 - Код на организацията, давaща контролен номер
Контролно поле BLK
005 - Дата и час на последна редакция
Контролно поле 20221024094858.0
008 - Елементи от данни с фиксирана дължина
fixed length control field 180408b bul|||||r ||||||| ||bul||
010 ## - Наследен системен номер
LC control number KNG00099697000
040 ## - Източник на каталожния запис
Идентификатор на билиотеката - собственик на записа BLK
041 ## - Код за език
Код за езика на текст/звукозапис или на отделно заглавие Български
Код за езика КДБФ Български
080 ## - УДК
Текстов определител УДК Хидротерапия (водотерапия). Балнеолечение. Курортотерапия - Лечение с бани, горещи бани, сауна, хладни бани, речно къпане, влажни фрикции, компреси, с "жива вода"(алкално активирана, с ph 9, 6;курорт
УДК код - определител по УДК 615.838
УДК определител (035)
УДК - код + определител 615.838(035)
100 1# - Редна дума - Автор
Автор Владева, Лилия Владимирова
Авторска отговорност първи автор
R(LIN) 306113
139 ## - Редно поле
Редна дума Български курорти
Авторски знак Бъл - Б 92
245 10 - Сведения за заглавието
Заглавие Български курорти
Подзаглавни данни Наръчник на курортните обекти
Редно поле (дума) Лилия Владимирова Владева.
257 ## - Страна на издаване
Страна на създаване/издаване България
260 ## - Област на издателските данни
Място на издаване, разпространение и проч. София
Име на издателя, разпространителя и проч. Медицина и физкултура
Година на издаване 1976
Печатница Пловдив : Д. Благоев
300 ## - Физическа характеристика
Страници 355 с.
Илюстрации и др. 8 л. ил.
Размери/Мащаб 22 см
380 ## - Жанр
Жанр Медицина
500 ## - Общи забележки
Забележка Други авт.: Г. Загорски, Т. Карагеоргиев, Д. Караколев, Д. Костадинов, В. Маринов, В. Малиновска, Ст. Стаматов, Т. Стоянов, Л. Цветкова, К. Щерев ; Други ред.: Л. Цветкова, Д. Караколев. - Библиогр. с. 349.
650 #4 - Допълнително описание по предмет – тема
Основно описание – тема или топоним Курорти, български
9 (RLIN) 273640
651 #4 - Допълнително описание по предмет - топоним
Географско понятие България
9 (RLIN) 241624
653 ## - Ключова дума – ненормативна
Ключова дума курорти
653 ## - Ключова дума – ненормативна
Ключова дума балнеолечение
852 ## - Местоположение
Форматна сигнатура Цб 83398
856 4# - Електронен адрес и достъп
Електронен формат pdf - файл
Инструкция (цена за достъп) 0.00
Права за достъп disable
856 4# - Електронен адрес и достъп
Електронен формат pdf - файл
Инструкция (цена за достъп) 0.00
Права за достъп disable
999 ## - СИСТЕМНИ КОНТРОЛНИ НОМЕРА
Koha biblionumber 94867
Koha biblioitemnumber 94867
942 ## - АРТИКУЛИ
Вид на библиотечния материал Книги
Скрит в OPAC Не
Koha issues (borrowed), all copies 1
Периодичен библиозапис Да
944 ## - СЪЗДАВАНЕ И РЕДАКЦИЯ на ЗАПИСА
Създаване/Редакция Създаване
Дата на регистрацията/редакция 18.02.2011
Статус, дата на статуса добави в АБ / 17.02.2011
Служител, извършил регистрацията/редакцията Ренета_Константинова
944 ## - СЪЗДАВАНЕ И РЕДАКЦИЯ на ЗАПИСА
Създаване/Редакция Редакция
Дата на регистрацията/редакция 2022-10-24
Служител, извършил регистрацията/редакцията ир
999 ## - СИСТЕМНИ КОНТРОЛНИ НОМЕРА
Koha biblioitemnumber 94867
Наличности
Код за отписване Код за изгубен артикул Източник на класификационната схема Код за повреда Коз за рестрикции Код за отдаване Артикулен № Име на библиотеката - собственик Име на библиотеката, в която се намира в момента Статус (Текущо местоположение) Дата на вписване в системата Местоположение - отдел Цена в лева Инвентарен номер Систематично азбучна сигнатура Баркод Номер на екземпляра Цена в евро Служебна бележка Служебен тип на артикула
Изтеглен Не е изгубен Universal Decimal Classification Не е повреден без рестрикции ползва се в читалня 152229 Регионална библиотека "Любен Каравелов" Русе Регионална библиотека "Любен Каравелов" Русе Детски отдел - справочен фонд 1976-01-01 Детски отдел - справочен фонд 2.38 217370 СД 61/Б 92 217370 1 1.22 Дост: Pk Вид: Ф N: стар фонд Дата: 01.01.1976 Дата инв: 20.11.2017 Бележки инв: СД2017 Книги
Изтеглен Не е изгубен Universal Decimal Classification Не е повреден без рестрикции ползва се в читалня 152230 Регионална библиотека "Любен Каравелов" Русе Регионална библиотека "Любен Каравелов" Русе Читалня 1976-01-01 Читалня 2.38 217510 Ч 616/Б 92 217510 2 1.22 N: стар фонд Дата: 01.01.1976 Дата инв: 17.03.2017 Бележки инв: Ч2017 Книги
Изтеглен Не е изгубен Universal Decimal Classification Не е повреден без рестрикции ползва се в читалня 152231 Регионална библиотека "Любен Каравелов" Русе Регионална библиотека "Любен Каравелов" Русе СБИД 1976-01-01 СБИД 2.38 217509 С 615/Б 92 217509 3 1.22 N: стар фонд Дата: 01.01.1976 Дата инв: 09.06.2017 Бележки инв: С2017 Книги
Изтеглен Не е изгубен Universal Decimal Classification Не е повреден без рестрикции заемане за дома 152232 Регионална библиотека "Любен Каравелов" Русе Регионална библиотека "Любен Каравелов" Русе Заемна - подръчен фонд 1976-01-01 Заемна - подръчен фонд 2.38 217507 П 615.83/Б 92 217507 4 1.22 N: стар фонд Дата: 01.01.1976 Книги
Изтеглен Не е изгубен Universal Decimal Classification Не е повреден без рестрикции заемане за дома 152233 Регионална библиотека "Любен Каравелов" Русе Регионална библиотека "Любен Каравелов" Русе Заемна - подръчен фонд 1976-01-01 Заемна - подръчен фонд 2.38 217506 П 615.83/Б 92 217506 5 1.22 N: стар фонд Дата: 01.01.1976 Книги
  Не е изгубен Universal Decimal Classification Не е повреден без рестрикции ползва се в читалня 152234 Регионална библиотека "Любен Каравелов" Русе Регионална библиотека "Любен Каравелов" Русе Хранилище 1976-01-01 Хранилище 2.38 216913 Цб 83398 120000216913 6 1.22 N: стар фонд Дата: 01.01.1976 Книги
Vip Innovations Ltd, Rousse, Bulgaria 2025